Loading...
History - World History | 3 | 1 | 1 | 0 | 50 | 48 | 60.25 | 4 | 4 |
History - American History | 1 | 3 | 0 | 0 | 45 | 55 | 73.50 | 1 | 4 |
History - European History | 1 | 3 | 0 | 1 | 45 | 48 | 83.50 | 1 | 3 |
History - Other History | 1 | 3 | 0 | 1 | 45 | 42 | 81.50 | 1 | 2 |
Geography | 0 | 3 | 0 | 1 | 30 | 87 | 99.00 | 0 | 2 |
Other Academic | 2 | 0 | 0 | 0 | 30 | 48 | 58.50 | 2 | 2 |
Literature - American Literature | 1 | 1 | 0 | 0 | 25 | 65 | 76.50 | 0 | 2 |
Beliefs | 1 | 1 | 1 | 0 | 20 | 22 | 55.00 | 1 | 2 |
History - Ancient History | 0 | 2 | 0 | 0 | 20 | 81 | 89.00 | 1 | 2 |
Literature - European Literature | 0 | 2 | 0 | 1 | 20 | 84 | 109.50 | 1 | 1 |
Social Science | 1 | 1 | 3 | 1 | 10 | 53 | 91.50 | 0 | 1 |
Fine Arts - Other Arts | 0 | 1 | 1 | 0 | 5 | 122 | 122.00 | 0 | 1 |
Visual Arts | 0 | 0 | 1 | 0 | -5 | 0.00 | 0 | 0 | |
Current Events | 0 | 0 | 1 | 0 | -5 | 0.00 | 0 | 0 |